| 000 | 00931nam a22002417a 4500 | ||
|---|---|---|---|
| 999 |
_c13846 _d13846 |
||
| 003 | AR-CdUCM | ||
| 008 | 190403b ||||| |||| 00| 0 spa d | ||
| 040 |
_aMUNICIPALIDAD PROVINCIAL DEL CUSCO _cBIBLIOTECA MUNICIPAL DEL CUSCO |
||
| 082 |
_a912 / _bAT87 / 1989 |
||
| 110 |
_aInstituto Geográfico Nacional _932417 |
||
| 245 | _aAtlas del Perú / | ||
| 260 |
_aLima : _bInstituto Geográfico Nacional, _c1989. |
||
| 300 |
_a400 paginas _c51 cm. _bIlustraciones, |
||
| 505 | _aContenido :Perú en el mundo -- Nombre del Perú -- Los símbolos de la patria -- Mapa de América del sur -- El escudo del Perú -- Letra del himno nacional del Perú... | ||
| 650 |
_aGeografía _9318 |
||
| 650 |
_aEducación secundaria _94648 |
||
| 650 |
_aMapas del Perú _925519 |
||
| 650 |
_aSimbolos patrios _96314 |
||
| 650 |
_aPlanetas y satélites _932418 |
||
| 650 |
_aAtmosfera _926110 |
||
| 942 |
_2ddc _cLIBROS |
||
| 945 |
_awnts _d2019-04-16 |
||